Word Scramble - Spain - Statistics

General Stats
  • This quiz has been taken 443 times
  • The average score is 8 of 16
Answer Stats
Hint Answer % Correct
qsbaue nutryoc Basque Country
89%
spaat Tapas
88%
aeallp Paella
85%
zaibi Ibiza
82%
rlae drdiam Real Madrid
68%
rgasdaa liiamaf Sagrada Familia
63%
eruqine seilgais Enrique Iglesias
52%
yacran sislnda Canary Islands
44%
alopb sscipao Pablo Picasso
44%
leaarf aadnl Rafael Nadal
35%
onaactail Catalonia
33%
vbba BBVA
32%
enmocalf Flamenco
31%
danonref nosola Fernando Alonso
26%
al naotmait La Tomatina
24%
acpo nnaaerb Paco Rabanne
16%
No matching quizzes found
Score Distribution
Percent of People with Each Score
Percentile by Number Answered
Your Score History
You have not taken this quiz